HP B1 C5 - Statistics

General Stats
  • This quiz has been taken 15 times
    3 since last reset
  • The average score is 64 of 174
Answer Stats
Term Answer % Correct
Lago Lake
100%
Axila Armpit
67%
Barril Barrel
67%
Garra Claw
67%
Profundidad Depth
67%
Bifurcación Fork
67%
Emborrachar Get Drunk
67%
Etiqueta Label
67%
Hígado Liver
67%
Medida Measure
67%
Fénix Phoenix
67%
Frambuesa Raspberry
67%
Reciente Recent
67%
Diestro Right Handed
67%
Raíz Root
67%
Semejante Similar
67%
De Modo So
67%
Taburete Stool
67%
Fastidiar Annoy
33%
Surtido Assortment
33%
Cantinero Barman
33%
Lechuza Barn Owl
33%
Murciélago Bat
33%
Aleteo Beating Of Wings
33%
Haya Beech
33%
Principiante Beginner
33%
Recodo Bend
33%
Oleada Billow
33%
Mancha Blot
33%
Broche Brooch
33%
Manojo Bunch
33%
Cuidadosamente Carefully
33%
Caldero Cauldron
33%
Vitorear Cheer
33%
Circo Circus
33%
De Cerca Close Up
33%
Torpeza Clumsiness
33%
Adoquín Cobblestone
33%
Ejemplar Copy
33%
Forrado Covered
33%
Muchedumbre Crowd
33%
Cojín Cushion
33%
Diario Daily
33%
Estruendo Din
33%
Disipar Dissipate
33%
Botica Drugstore
33%
Sequedad Dryness
33%
Moreno Dusky
33%
Polvoriento Dusty
33%
Ébano Ebony
33%
Anguila Eel
33%
Encantamiento Enchantment
33%
Erguir Erect
33%
Expuesto Exposed
33%
Desteñido Faded
33%
Colmillo Fang
33%
Redoma Flask
33%
Endeble Flimsy
33%
Plegable Folding
33%
Escabel Footstool
33%
Selva Forest
33%
Hongo Fungus
33%
Duende Goblin
33%
Válgame Dios Good Gracious
33%
Codicia Greed
33%
Mugriento Grimy
33%
Agarrar Grip
33%
Rezongar Grumble
33%
Custodiar Guard
33%
Ráfaga Gust
33%
Montón Heap
33%
Acaparar Hoard
33%
Acebo Holly
33%
Ulular Hoot
33%
Cuerno Horn
33%
Brasa Hot Coal
33%
Cada Cuánto How Often
33%
Barullo Hubbub
33%
Centenar Hundred
33%
Apresurado Hurried
33%
Inquisidoro Inquisitive
33%
Comezón Itch
33%
Atascar Jam
33%
Sacudida Jolt
33%
Bondadoso Kindly
33%
Tejer Knit
33%
Carecer Lack
33%
Hoja Leaf
33%
Chorreante Leaky
33%
Vivacidad Liveliness
33%
Caoba Mahogany
33%
Arce Maple
33%
Mármol Marble
33%
Malva Mauve
33%
Serpentear Meander
33%
Montículo Mound
33%
Fosa Nasal Nostril
33%
Roble Oak
33%
Onza Ounce
33%
Burlar Outwit
33%
Embalar Pack
33%
Transeúnte Passerby
33%
Pata Paw
33%
Peltre Pewter
33%
Filtro Philtre
33%
Amontonar Pile
33%
Alfiler Pin
33%
Regordete Plump
33%
Puntiagudo Pointed
33%
Pulido Polished
33%
Libra Pound
33%
Golpeteo Pounding
33%
Impreso Printed
33%
Profeta Prophet
33%
Muelle Quay
33%
Destartalado Ramshackle
33%
Barranco Ravine
33%
Reglamentario Regulatory
33%
Soltar Release
33%
Aspereza Roughness
33%
Hilera | Remar Row
33%
Precipitarse Rush
33%
Balanza Scales
33%
Escarlata Scarlet
33%
Penumbra Semidarkness
33%
Prender Fuego Set Fire To
33%
Jerez Sherry
33%
Orilla Shore
33%
Costado Side
33%
Seda Silk
33%
Plateado Silver
33%
Soñoliento Sleepy
33%
Leve Slight
33%
Chapucero Sloppy
33%
Babosa Slug
33%
Campanilla Small Bell
33%
Escocer Smart
33%
Estornudar Sneeze
33%
Macizo Solid
33%
Chispa Spark
33%
Veloz Speedy
33%
Bazo Spleen
33%
Cucharada Spoonful
33%
Estándar Standard
33%
Hedor Stench
33%
Escalón Step
33%
Picar Sting
33%
Escaparate Storefront
33%
Asignatura Subject
33%
Succionar Suck
33%
Atardecer Sunset
33%
Apoyar Support
33%
En Picado Swooping
33%
Enmarañado Tangled
33%
Carpa Tent
33%
Espeso Thick
33%
Amenazadoramente Threateningly
33%
A Través Through
33%
Antorcha Torch
33%
Tambaleante Tottering
33%
Trayectoria Trajectory
33%
Torniquete Turnstile
33%
Cordel Twine
33%
Emprender Undertake
33%
Desocupado Unoccupied
33%
Desagradable Unpleasant
33%
Abovedado Vaulted
33%
Velado Veiled
33%
Frasco Vial
33%
Nuez Walnut
33%
Hierbajo Weed
33%
Torbellino Whirlwind
33%
Ala Wing
33%
No matching quizzes found
Score Distribution
Percent of People with Each Score
Percentile by Number Answered
Your Score History
You have not taken this quiz since the last reset